| 000 | 00798nam a2200265Ia 4500 | ||
|---|---|---|---|
| 003 | OSt | ||
| 005 | 20221005060115.0 | ||
| 006 | a|||||r|||| 00| 0 | ||
| 007 | ta | ||
| 008 | 221004b |||||||| |||| 00| 0 eng d | ||
| 020 |
_a9780275993894 (hbk) _c2286.03 |
||
| 024 | _a89737 | ||
| 037 |
_b12070, 12/03/2008, Govinda Book House _cTextual |
||
| 040 |
_aCRL _cCRL _beng |
||
| 041 |
_2eng _aeng |
||
| 082 | _aA:f, P7 | ||
| 100 |
_aKuhn Robert Lawrence _9323122 |
||
| 245 | 0 |
_aCloser to truth _b Science, meaning, and the future |
|
| 260 |
_aLondon _bPraeger UK _c2007 |
||
| 300 |
_axix, 306p. _ccm. |
||
| 650 | _a RESEARCH METHODS | ||
| 650 | _aSCIENCE | ||
| 942 |
_hA:f, P7 _cTEXL _2cc |
||
| 999 |
_c966187 _d966187 |
||